书目信息 |
| 题名: |
驿站长
|
|
| 作者: | 普希金 著 ;冯春 译 | |
| 分册: | ||
| 出版信息: | 成都 四川人民出版社 2009.04 |
|
| 页数: | 186页 | |
| 开本: | 21cm | |
| 丛书名: | 外国文学经典 | |
| 单 册: | ||
| 中图分类: | I512.44 | |
| 科图分类: | ||
| 主题词: | 短篇小说--duan pian xiao shuo--作品集--俄罗斯--近代 | |
| 电子资源: | ||
| ISBN: | 978-7-220-07843-9 | |
| 000 | 00962nam 2200277 450 | |
| 001 | 012009229339 | |
| 005 | 20090623085807.81 | |
| 010 | @a978-7-220-07843-9@dCNY13.50 | |
| 100 | @a20090623d2009 em y0chiy0120 ea | |
| 101 | 1 | @achi@ceng |
| 102 | @aCN@b510000 | |
| 105 | @ay z 000yy | |
| 106 | @ar | |
| 200 | 1 | @a驿站长@Ayi zhan zhang@f(俄) 普希金著@F(e)pu xi jin zhu@g冯春译@Gfeng chun yi |
| 205 | @a第2版 | |
| 210 | @a成都@c四川人民出版社@d2009.04 | |
| 215 | @a186页@d21cm | |
| 225 | 2 | @a外国文学经典@Awai guo wen xue jing dian |
| 330 | @a《驿站长》是俄国现实主义文学创作中描写“小人物”命运的开山之作。整篇小说通过作者虚构的人物别尔金三次访问驿站,描写了驿站长一生悲惨的命运。 | |
| 410 | 0 | @12001 @a外国文学经典 |
| 606 | 0 | @a短篇小说@Aduan pian xiao shuo@j作品集@y俄罗斯@z近代 |
| 690 | @aI512.44@v4 | |
| 701 | 1 | @a普希金@Apu xi jin@4著 |
| 702 | 0 | @a冯春@Afeng chun@4译 |
| 801 | 0 | @aCN@bQSSK@c20090623 |
| 905 | @b748245-47@dI512.44@eP962@f3 | |
| 驿站长/(俄) 普希金著/冯春译.-第2版.-成都:四川人民出版社,2009.04 |
| 186页;21cm.-(外国文学经典) |
| ISBN 978-7-220-07843-9:CNY13.50 |
| 《驿站长》是俄国现实主义文学创作中描写“小人物”命运的开山之作。整篇小说通过作者虚构的人物别尔金三次访问驿站,描写了驿站长一生悲惨的命运。 |
| ● |
| 相关链接 |
|
|
|
正题名:驿站长
索取号:I512.44/P962
 
预约/预借
| 序号 | 登录号 | 条形码 | 馆藏地/架位号 | 状态 | 备注 |
| 1 | 748245 | 207482455 | 文学库116/116文学库 16排3列5层/ [索取号:I512.44/P962] | 在馆 | |
| 2 | 748246 | 207482464 | 社科二线422/422社科库 6排2列4层/ [索取号:I512.44/P962] | 在馆 | |
| 3 | 748247 | 207482473 | 文学库116/116文学库 16排3列5层/ [索取号:I512.44/P962] | 在馆 |